Pays frontalier de la Chine - Mort subite - Statistiques

Statistiques générales
  • Ce quiz a été pris 359 fois
  • Le résultat moyen est 7 sur 14
Answers on the Grid
Answers color-coded by a green-red scale on the quiz's grid according to % correct below.
Malaisie
Mongolie
Ouzbékistan
Inde
Turkménistan
Népal
Thaïlande
Corée du Nord
Corée du Sud
Birmanie
Bhoutan
Cambodge
Laos
Sri Lanka
Vietnam
Singapour
Tadjikistan
Phillipines
Kirghizistan
Japon
Kazakhstan
Taiwan
Russie
Indonésie
Pakistan
Afghanistan
Iran
Turquie
 
Statistiques - réponses
Réponse % Correct
Russie
69%
Inde
67%
Mongolie
67%
Népal
65%
Corée du Nord
63%
Vietnam
49%
Bhoutan
45%
Kazakhstan
41%
Birmanie
40%
Afghanistan
38%
Kirghizistan
38%
Pakistan
38%
Laos
37%
Tadjikistan
31%
Aucun quiz correspondant
Distribution des résultats
% des personnes avec chaque résultat
Percentile par nombre de réponses
Votre historique - résultats
Vous n’avez pas pris ce quiz